Borderless Borders (Record no. 16933)
[ view plain ]
| 000 -LEADER | |
|---|---|
| fixed length control field | 00259nam a22001097a 4500 |
| 008 - FIXED-LENGTH DATA ELEMENTS--GENERAL INFORMATION | |
| fixed length control field | 140207t xxu||||| |||| 00| 0 eng d |
| 020 ## - INTERNATIONAL STANDARD BOOK NUMBER | |
| International Standard Book Number | 1-56639-620-4 |
| 100 ## - MAIN ENTRY--PERSONAL NAME | |
| Personal name | Frank Bonilla |
| 9 (RLIN) | 674 |
| 245 ## - TITLE STATEMENT | |
| Title | Borderless Borders |
| 300 ## - PHYSICAL DESCRIPTION | |
| Extent | xiii, 290 p. : |
| 942 ## - ADDED ENTRY ELEMENTS (KOHA) | |
| Source of classification or shelving scheme | |
| Koha item type | Book |
| Withdrawn status | Lost status | Source of classification or shelving scheme | Damaged status | Not for loan | Collection code | Permanent Location | Current Location | Date acquired | Total Checkouts | Full call number | Barcode | Date last seen | Price effective from | Koha item type |
|---|---|---|---|---|---|---|---|---|---|---|---|---|---|---|
| Atta-ur-Rahman School of Applied Biosciences (ASAB) | Atta-ur-Rahman School of Applied Biosciences (ASAB) | 02/07/2014 | 305.86 BON | ASAB844 | 02/07/2014 | 02/07/2014 | Book | |||||||
| Atta-ur-Rahman School of Applied Biosciences (ASAB) | Atta-ur-Rahman School of Applied Biosciences (ASAB) | 02/07/2014 | 305.86 BON | ASAB843 | 01/19/2016 | 02/07/2014 | Book |
